LEADER 00915nam0-22003371i-450- 001 990000012740403321 005 20100204200101.0 035 $a000001274 035 $aFED01000001274 035 $a(Aleph)000001274FED01 035 $a000001274 100 $a20100204d1948----km-y0itay50------ba 101 0 $aita 102 $aIT 105 $ay-------001yy 200 1 $aILVA$ealti forni e acciaierie d'Italia$e1897-1947$f[a cura di] ILVA 210 $aBergamo$cIstituto italiano d'arti grafiche$d1948 215 $a369 p.$cill.$d35 cm 610 0 $aAltiforni 610 0 $aImpianti siderurgici 676 $a669.8 710 02$aILVA$c$0422871 801 0$aIT$bUNINA$gRICA$2UNIMARC 901 $aBK 912 $a990000012740403321 952 $a13 C 47 14$b19083$fFINBC 952 $aSE 043.05.038-$b029031$fDECSE 959 $aFINBC 959 $aDECSE 996 $aILVA$9108300 997 $aUNINA LEADER 01401nam--2200409---450- 001 990003649640203316 005 20120411141124.0 010 $a978-88-324-7895-2 035 $a000364964 035 $aUSA01000364964 035 $a(ALEPH)000364964USA01 035 $a000364964 100 $a20120411d2011----km-y0itay50------ba 101 $aita 102 $aIT 105 $a||||||||001yy 200 1 $aEditoria$easpetti giuridici contabili e fiscali$ediritti d'autore, editoria, telecomunicazioni, teleradiodiffusioni, commercio elettronico, editoria multimediale, provvidenze, Autorità garanti, valutazioni d'azienda e contrattualistica del settore editoriale$fPaolo Stella Monfredini 205 $a4. ed. 210 $aMilano$cIl sole 24 ore$d2011 215 $aXII, 361 p.$d24 cm$e1 CD-ROM 410 0$12001 454 1$12001 461 1$1001-------$12001 606 0 $aEditoria$xContabilità$2BNCF 676 $a343.0998 700 1$aSTELLA MONFREDINI,$bPaolo$0612066 801 0$aIT$bsalbc$gISBD 912 $a990003649640203316 951 $aXXIV.5.C. 1021$b71845$cXXIV.5.C.$d00309271 959 $aBK 969 $aGIU 979 $aFIORELLA$b90$c20120411$lUSA01$h1403 979 $aFIORELLA$b90$c20120411$lUSA01$h1404 979 $aFIORELLA$b90$c20120411$lUSA01$h1409 979 $aFIORELLA$b90$c20120411$lUSA01$h1411 996 $aEditoria$91139629 997 $aUNISA